| 000 | 02909cam a2200589 i 4500 | ||
|---|---|---|---|
| 001 | xx004899333 | ||
| 003 | NUKAT | ||
| 005 | 20260429145123.0 | ||
| 008 | 200703s2020 pl a |001 0 pol c | ||
| 020 |
_a9788380988873 _q(oprawa twarda) : _czł 35.00 |
||
| 035 | _a(OCoLC)1164130006 | ||
| 035 | _a(NUKAT)xx004899333 | ||
| 040 |
_aKR 253/MD _bpol _erda _cKR 253/MD _dWA U/ISs _dWR O/KBs _dOLSZT 008/bak |
||
| 045 | 2 |
_bd1946 _bd1948 |
|
| 046 |
_k2020 _o1946 _p1948 |
||
| 245 | 0 | 0 |
_aProtokoły wizytacji kanonicznych przeprowadzonych przez biskupa lubelskiego Stefana Wyszyńskiego w parafiach na terenach obecnej diecezji zamojsko-lubaczowskiej 1946-1948 / _czebrał, opracował i wstępem poprzedził bp Mariusz Leszczyński ; Instytut Pamięci Narodowej. Komisja Ścigania Zbrodni Przeciwko Narodowi Polskiemu. |
| 260 |
_aWarszawa : _bInstytut Pamięci Narodowej. Komisja Ścigania Zbrodni Przeciwko Narodowi Polskiemu, _c2020. |
||
| 300 |
_a335, [1] strona : _bilustracje ; _c21 cm. |
||
| 336 |
_aTekst _btxt _2rdacontent |
||
| 337 |
_aBez urządzenia pośredniczącego _bn _2rdamedia |
||
| 338 |
_aWolumin _bnc _2rdacarrier |
||
| 380 | _aKsiążki | ||
| 380 | _aPublikacje naukowe | ||
| 388 | 1 | _a1901-2000 | |
| 388 | 1 | _a1945-1989 | |
| 388 | 1 | _a2001- | |
| 490 | 1 | _aBiskupi w Realiach Komunistycznej Władzy | |
| 490 | 1 | _aCentralny Projekt Badawczy IPN - Władze Komunistyczne wobec Kościołów i Związków Wyznaniowych w Polsce 1944-1989 | |
| 504 | _aBibliografia na stronach 308-321. Indeksy. | ||
| 600 | 0 | 7 |
_aStefan Wyszyński _c(błogosławiony ; _d1901-1981) _2DBN _939675 |
| 610 | 2 | 7 |
_aKościół katolicki _2DBN _937102 |
| 610 | 2 | 7 |
_aEcclesia Catholica. _bDiecezja Zamojsko-Lubaczowska _xhistoria _vźródła. _2kaba _940920 |
| 648 | 7 |
_a1901-2000 _2DBN _934996 |
|
| 648 | 7 |
_a1945-1989 _2DBN _936043 |
|
| 650 | 7 |
_aBiskupi _2DBN _935374 |
|
| 650 | 7 |
_aDuchowieństwo katolickie _2DBN _935375 |
|
| 650 | 7 |
_aParafie _2DBN _935432 |
|
| 650 | 7 |
_aWizytacja biskupia _2DBN _940921 |
|
| 650 | 7 |
_aWizytacje kanoniczne _zPolska _zZamość (województwo lubelskie ; region) _y1945-1970 _vźródła. _2kaba _940922 |
|
| 650 | 7 |
_aWizytacje kanoniczne _zPolska _zLubaczów (region) _y1945-1970 _vźródła. _2kaba _940923 |
|
| 651 | 7 |
_aDiecezja zamojsko-lubaczowska (obszar) _2DBN _940924 |
|
| 655 | 7 |
_aProtokoły _2DBN _940545 |
|
| 655 | 7 |
_aWydawnictwo źródłowe _2DBN _935066 |
|
| 658 | _aHistoria | ||
| 658 | _aReligia i duchowość | ||
| 700 | 1 |
_aLeszczyński, Mariusz _d(1957- ). _eRedakcja _eWstęp _917403 |
|
| 710 | 2 |
_aInstytut Pamięci Narodowej - Komisja Ścigania Zbrodni przeciwko Narodowi Polskiemu. _eInstytucja sprawcza _eWydawca _4pbl _911792 |
|
| 830 | 0 |
_aBiskupi w Realiach Komunistycznej Władzy _916421 |
|
| 830 | 0 |
_aWładze Komunistyczne wobec Kościołów i Związków Wyznaniowych w Polsce 1944-1989 _918363 |
|
| 920 | _a978-83-8098-887-3 (oprawa twarda) : zł 35.00 | ||
| 942 |
_2ddc _cBK_NM |
||
| 999 |
_c27875 _d27875 |
||